[Event "35th WCh U20 Girls"]
[Site "Tarvisio ITA"]
[Date "2017.11.17"]
[Round "5"]
[White "Antova, Gabriela"]
[Black "Terbe, Zsuzsanna"]
[Result "1/2-1/2"]
[WhiteElo "2257"]
[BlackElo "2170"]
[EventDate "2017.11.13"]
[PlyCount "64"]

1.d4 d5 2.Nf3 Nf6 3.c4 c6 4.Nc3 dxc4 5.a4 Bf5 6.Ne5 e6 7.f3 Bb4 8.Bg5 c5 
9.dxc5 Qxd1+ 10.Kxd1 Nd5 11.Nxc4 Nxc3+ 12.bxc3 Bxc5 13.e4 Bg6 14.Na5 b6 
15.Bb5+ Nd7 16.Nb3 Be7 17.Bf4 O-O 18.Ke2 Nc5 19.Nxc5 Bxc5 20.Rhd1 f5 21.e5
Rfd8 22.Bg5 Rxd1 23.Rxd1 Kf8 24.Be3 Bxe3 25.Kxe3 Rc8 26.c4 Be8 27.Rd4 Ke7 
28.f4 h6 29.g3 g6 30.Kd3 Bxb5 31.axb5 Rd8 32.Rxd8 Kxd8 1/2-1/2

[Event "35th WCh U20 Girls"]
[Site "Tarvisio ITA"]
[Date "2017.11.17"]
[Round "5"]
[White "Arpita, Mukherjee"]
[Black "Paramzina, Anastasia"]
[Result "0-1"]
[WhiteElo "2210"]
[BlackElo "2123"]
[EventDate "2017.11.13"]
[PlyCount "110"]

1.e4 c5 2.Nf3 d6 3.d4 cxd4 4.Nxd4 Nf6 5.Nc3 a6 6.h3 e6 7.g4 h6 8.Bg2 Nc6 
9.O-O Be7 10.Be3 Nd7 11.f4 Nxd4 12.Bxd4 e5 13.Be3 exf4 14.Bxf4 Ne5 15.Bxe5
dxe5 16.Qxd8+ Bxd8 17.Nd5 h5 18.gxh5 Rxh5 19.Rf3 Be6 20.Rc3 Rc8 21.Rxc8 
Bxc8 22.Kh2 f5 23.exf5 Bxf5 24.c4 Bh4 25.Ne3 Be6 26.Rf1 Bg5 27.Nd5 Kd7 28.
Nb6+ Kd6 29.Rd1+ Kc5 30.Nd7+ Kb4 31.a3+ Kxc4 32.Nxe5+ Kb3 33.Nd3 Kc2 34.
Nf2 Be3 35.Re1 Kd2 36.Rd1+ Ke2 37.Ne4 Bf4+ 38.Kg1 Be3+ 39.Kh2 Kxd1 40.Bf3+
Kc2 41.Bxh5 Kxb2 42.a4 Bb6 43.Bf3 Bd7 44.Kg2 Bxa4 45.Nd6 Bc5 46.Nxb7 Bb4 
47.Nd8 a5 48.Nc6 Bc3 49.Bd5 Bc2 50.Na7 a4 51.Nb5 a3 52.Kf3 Bb3 53.Bxb3 
Kxb3 54.Nxa3 Kxa3 55.Kg4 Bd2 0-1

[Event "35th WCh U20 Girls"]
[Site "Tarvisio ITA"]
[Date "2017.11.17"]
[Round "5"]
[White "Arda, Cagil Irmak"]
[Black "Ghukasian, Siranush"]
[Result "1/2-1/2"]
[WhiteElo "2139"]
[BlackElo "2207"]
[EventDate "2017.11.13"]
[PlyCount "121"]

1.e4 e5 2.Nf3 Nc6 3.Bb5 a6 4.Ba4 Nf6 5.O-O Be7 6.Re1 b5 7.Bb3 d6 8.c3 O-O 
9.h3 Bb7 10.d4 Re8 11.Nbd2 exd4 12.cxd4 Na5 13.Bc2 Nd7 14.Nf1 Bf6 15.Rb1 
c5 16.d5 g6 17.N3h2 Bg7 18.b3 Bc8 19.Ng4 Ne5 20.Nxe5 Bxe5 21.f4 Bg7 22.Nh2
Bd7 23.Nf3 Nb7 24.e5 Qc8 25.Bb2 Bf5 26.Qd2 Qd7 27.Bxf5 Qxf5 28.g4 Qd7 29.
e6 fxe6 30.dxe6 Qe7 31.Bxg7 Qxg7 32.Qd5 Re7 33.Ng5 Qc3 34.Kh2 Rf8 35.Nf7 
Kg7 36.Rec1 Qe3 37.f5 Rfxf7 38.Rf1 Rf6 39.Rbe1 Qd4 40.Qg2 g5 41.Rd1 Qe5+ 
42.Kh1 c4 43.bxc4 bxc4 44.Rfe1 Qa5 45.Re2 Qa3 46.Rb2 Nd8 47.Rb8 Nc6 48.Rc8
Ne5 49.h4 h6 50.Rb1 Rf8 51.Rf1 Rxc8 52.f6+ Kg8 53.fxe7 Qd3 54.hxg5 hxg5 
55.Rf5 Qe3 56.Qf1 Ng6 57.Rf8+ Rxf8 58.exf8=Q+ Nxf8 59.Qf7+ Kh8 60.Qxf8+ 
Kh7 61.Qf7+ 1/2-1/2

[Event "35th WCh U20 Girls"]
[Site "Tarvisio ITA"]
[Date "2017.11.17"]
[Round "5"]
[White "Gomez Barrera, Javiera Belen"]
[Black "Yuan Ye"]
[Result "1/2-1/2"]
[WhiteElo "1972"]
[BlackElo "2196"]
[EventDate "2017.11.13"]
[PlyCount "122"]

1.e4 c5 2.Nf3 e6 3.d4 cxd4 4.Nxd4 Nc6 5.Nc3 Qc7 6.f4 a6 7.a3 b5 8.Be3 Bb7 
9.Qd2 d6 10.f5 Nxd4 11.Qxd4 Nf6 12.O-O-O Rc8 13.Rd2 Ng4 14.fxe6 fxe6 15.
Be2 Nxe3 16.Qxe3 Qc5 17.Qh3 Qe5 18.Bg4 Be7 19.Kb1 Bg5 20.Re2 Kd7 21.Nd5 
Bf6 22.c3 Rce8 23.Nxf6+ gxf6 24.Qe3 h5 25.Bf3 Kc7 26.Ka1 h4 27.Rc1 Qg5 28.
c4 Qxe3 29.Rxe3 bxc4 30.Rxc4+ Kd7 31.Rb3 Ba8 32.Rb6 Rc8 33.Rxc8 Rxc8 34.
Rxa6 Bb7 35.Ra7 Kc7 36.e5 d5 37.exf6 Rf8 38.Ra4 e5 39.Rxh4 e4 40.Be2 Rxf6 
41.a4 Rf2 42.Rh7+ Kb8 43.Bb5 Rxg2 44.a5 Rg6 45.Rd7 Rh6 46.Kb1 Kc8 47.Re7 
d4 48.a6 Bxa6 49.Bxa6+ Rxa6 50.Rxe4 Rd6 51.Kc2 Kc7 52.Kd3 Rb6 53.Kc2 Rb4 
54.h4 Kd6 55.b3 Kd5 56.Re8 d3+ 57.Kxd3 Rxb3+ 58.Ke2 Rh3 59.Rh8 Ke6 60.Kf2 
Kf7 61.Kg2 Ra3 1/2-1/2

[Event "35th WCh U20 Girls"]
[Site "Tarvisio ITA"]
[Date "2017.11.17"]
[Round "5"]
[White "Janzelj, Lara"]
[Black "Nurgali, Nazerke"]
[Result "0-1"]
[WhiteElo "2192"]
[BlackElo "2121"]
[EventDate "2017.11.13"]
[PlyCount "86"]

1.d4 Nf6 2.c4 e6 3.Nc3 d5 4.cxd5 exd5 5.Bg5 Be7 6.e3 O-O 7.Bd3 h6 8.Bh4 b6
9.Nf3 Bb7 10.O-O Nbd7 11.Qc2 c5 12.Rad1 c4 13.Bf5 a6 14.Ne5 b5 15.a3 Nb6 
16.f4 Nc8 17.Bxf6 Bxf6 18.Qe2 Nd6 19.Bb1 Be7 20.Qf3 Ne8 21.Kh1 b4 22.axb4 
Bxb4 23.Na2 a5 24.Qe2 Ba6 25.Rf3 f5 26.Rg3 Rf6 27.Qh5 Nd6 28.Rg6 Bb5 29.
Qxh6 Rxg6 30.Qxg6 Qf6 31.Qh5 Ba4 32.Rf1 Rb8 33.g4 Bd2 34.g5 Qe6 35.g6 Rxb2
36.Nf3 Be8 37.Rg1 Bxg6 38.Rxg6 Rxb1+ 39.Kg2 Qxe3 40.Rxd6 Qe2+ 41.Kh3 Rb8 
42.Rxd5 Be1 43.Rxf5 Qf1+ 0-1

[Event "35th WCh U20 Girls"]
[Site "Tarvisio ITA"]
[Date "2017.11.17"]
[Round "5"]
[White "Di Benedetto, Desiree"]
[Black "Nie Xin"]
[Result "0-1"]
[WhiteElo "2190"]
[BlackElo "2106"]
[EventDate "2017.11.13"]
[PlyCount "58"]

1.Nf3 d5 2.e3 Nf6 3.c4 e6 4.b3 c5 5.cxd5 exd5 6.Bb2 Nc6 7.Bb5 Bd6 8.O-O 
O-O 9.h3 Qe7 10.Re1 Bf5 11.Bf1 a6 12.Nc3 Qc7 13.d4 Rad8 14.dxc5 Bxc5 15.
Nd4 Nxd4 16.exd4 Bb4 17.Rc1 Qf4 18.Re5 Bd6 19.g3 Qg5 20.h4 Qg6 21.Re1 Ne4 
22.Nxe4 Bxe4 23.Bg2 f5 24.Bxe4 fxe4 25.Rc2 Rf3 26.Rc3 Rdf8 27.Re2 Qg4 28.
Rxf3 exf3 29.Rc2 Bxg3 0-1

[Event "35th WCh U20 Girls"]
[Site "Tarvisio ITA"]
[Date "2017.11.17"]
[Round "5"]
[White "Hincu, Olga"]
[Black "Injac, Teodora"]
[Result "1/2-1/2"]
[WhiteElo "2118"]
[BlackElo "2244"]
[EventDate "2017.11.13"]
[PlyCount "86"]

1.c4 g6 2.g3 Bg7 3.Bg2 Nf6 4.Nc3 O-O 5.Nf3 d6 6.O-O e5 7.d3 Nc6 8.Bg5 h6 
9.Bxf6 Bxf6 10.Rb1 a5 11.a3 Be6 12.b4 axb4 13.axb4 Qd7 14.Nd2 Rab8 15.b5 
Ne7 16.Nb3 Bg7 17.Qc2 c6 18.bxc6 bxc6 19.c5 d5 20.Na4 Qc7 21.Qd2 Rb5 22.
Nc3 Rb7 23.Na4 Rfb8 24.Nb6 Nc8 25.Na5 Ra7 26.Nxc8 Rxb1 27.Rxb1 Qxa5 28.
Ne7+ Kh7 29.Qxa5 Rxa5 30.Nxc6 Rxc5 31.Nd8 Bg4 32.f3 Be6 33.Nxe6 fxe6 34.
Rb7 Rc2 35.Kf2 Kg8 36.Bh3 e4 37.Rb8+ Kh7 38.fxe4 dxe4 39.dxe4 Bd4+ 40.Kf3 
Rc3+ 41.Kg2 e5 42.Rb7+ Kh8 43.Bg4 Ra3 1/2-1/2

[Event "35th WCh U20 Girls"]
[Site "Tarvisio ITA"]
[Date "2017.11.17"]
[Round "5"]
[White "Cherniak, Viktoria"]
[Black "Li Zhuoling"]
[Result "1-0"]
[WhiteElo "2236"]
[BlackElo "2006"]
[EventDate "2017.11.13"]
[PlyCount "157"]

1.c4 Nf6 2.Nf3 g6 3.Nc3 d5 4.Qa4+ Nc6 5.Ne5 Bd7 6.Nxd7 Qxd7 7.cxd5 Nxd5 8.
g3 Nb6 9.Qd1 Bg7 10.Bg2 O-O 11.O-O a5 12.d3 a4 13.Bd2 Rfd8 14.Rb1 Qc8 15.
Rc1 e6 16.Bg5 f6 17.Bd2 f5 18.Bg5 Rd7 19.Qc2 Nb4 20.Qd2 Nc4 21.Qe1 Ne5 22.
Nb5 Nd5 23.Bd2 c6 24.Na3 Qf8 25.Rc2 Re8 26.h3 h5 27.Kh2 h4 28.f4 Nf7 29.e4
Ne7 30.Rf3 e5 31.gxh4 exf4 32.Bxf4 fxe4 33.dxe4 Nf5 34.Rf1 Qe7 35.Nc4 Nxh4
36.Bh1 Rd3 37.Qe2 Qd7 38.Ne3 Be5 39.Qg4 Qxg4 40.Nxg4 Bxf4+ 41.Rxf4 g5 42.
Nf6+ Kf8 43.Nh7+ Kg7 44.Nxg5 Nxg5 45.Rxh4 Nf3+ 46.Bxf3 Rxf3 47.Re2 Kf6 48.
Rh7 b5 49.Kg2 Rd3 50.Rh6+ Ke7 51.h4 Rg8+ 52.Kf2 Rd6 53.Rh7+ Ke6 54.e5 Rdd8
55.Rh6+ Kd5 56.e6 Rde8 57.e7 Rg7 58.Rhe6 c5 59.h5 b4 60.h6 Rf7+ 61.Ke1 c4 
62.Kd2 Rf3 63.R6e5+ Kd6 64.Rh5 a3 65.bxa3 Rxa3 66.Kc1 Raa8 67.h7 Kd7 68.
Rd5+ Kc6 69.Rh5 Kd7 70.Rh4 Rh8 71.Kb2 Rac8 72.Re1 c3+ 73.Kc2 Ra8 74.Kb3 c2
75.Kxc2 Rxa2+ 76.Kb3 Raa8 77.Rd4+ Kc7 78.Rc1+ Kb7 79.Rh4 1-0

[Event "35th WCh U20 Girls"]
[Site "Tarvisio ITA"]
[Date "2017.11.17"]
[Round "5"]
[White "Choladze, Mariami"]
[Black "Nguyen, Emily"]
[Result "0-1"]
[WhiteElo "2112"]
[BlackElo "2176"]
[EventDate "2017.11.13"]
[PlyCount "62"]

1.e4 c5 2.Nf3 e6 3.d4 cxd4 4.Nxd4 Nf6 5.Nc3 d6 6.g4 h6 7.h3 Nc6 8.Bg2 Be7 
9.O-O O-O 10.Be3 a6 11.a4 Qc7 12.f4 Nxd4 13.Qxd4 e5 14.Qd2 exf4 15.Bxf4 
Be6 16.Kh1 Rad8 17.a5 Bd7 18.Be3 Rc8 19.Bd4 Bc6 20.Rf5 Nd7 21.g5 g6 22.
gxh6 gxf5 23.Bf3 Kh7 24.Qf4 Ne5 25.Qxf5+ Ng6 26.Rg1 Qd7 27.Qh5 Qe6 28.Nd5 
Rg8 29.Nf4 Nxf4 30.Rg7+ Rxg7 31.hxg7+ Nxh5 0-1

[Event "35th WCh U20 Girls"]
[Site "Tarvisio ITA"]
[Date "2017.11.17"]
[Round "5"]
[White "Gueci, Tea"]
[Black "Lasya, Goli"]
[Result "1/2-1/2"]
[WhiteElo "2161"]
[BlackElo "2087"]
[EventDate "2017.11.13"]
[PlyCount "109"]

1.e4 d5 2.exd5 Qxd5 3.Nc3 Qd8 4.Nf3 Bg4 5.Bc4 e6 6.h3 Bxf3 7.Qxf3 c6 8.d3 
Nf6 9.O-O Qc7 10.Ne4 Nxe4 11.dxe4 Nd7 12.Bf4 Bd6 13.Bxd6 Qxd6 14.Rad1 Qe7 
15.Qg3 O-O-O 16.Qxg7 Rhg8 17.Qh6 Rg5 18.Be2 Rdg8 19.g4 Nf6 20.f3 e5 21.Kh2
R8g6 22.Qh4 h5 23.Qf2 hxg4 24.fxg4 b6 25.Qe3 Rg7 26.a4 R5g6 27.a5 Nd7 28.
axb6 axb6 29.Ra1 Kb7 30.Ra3 Qc5 31.Qd3 Rd6 32.Qa6+ Kc7 33.Rc3 Qb4 34.Qa7+ 
Kd8 35.Qa8+ Ke7 36.Qh8 Rgg6 37.Qh4+ Ke8 38.Qh8+ Ke7 39.Qh4+ Ke8 40.Ra3 
Rdf6 41.Ra8+ Ke7 42.Qh8 Qxe4 43.Qe8+ Kd6 44.Rd1+ Kc5 45.b4+ Qxb4 46.Qe7+ 
Rd6 47.Rd3 Rf6 48.Bf3 Qf4+ 49.Kg2 Re6 50.Rc3+ Kb4 51.Rb3+ Kc5 52.Rc3+ Kd4 
53.Rd3+ Kc5 54.Rc3+ Kb4 55.Rb3+ 1/2-1/2

[Event "35th WCh U20 Girls"]
[Site "Tarvisio ITA"]
[Date "2017.11.17"]
[Round "5"]
[White "Shepherd, Katherine"]
[Black "Vidic, Teja"]
[Result "0-1"]
[WhiteElo "1918"]
[BlackElo "2159"]
[EventDate "2017.11.13"]
[PlyCount "120"]

1.d4 Nf6 2.Nf3 e6 3.c4 d5 4.e3 Be7 5.Bd3 dxc4 6.Bxc4 O-O 7.O-O c5 8.Nc3 
Nc6 9.dxc5 Bxc5 10.a3 a5 11.b3 Qe7 12.Bb2 Rd8 13.Qc2 Nb8 14.Bd3 Nbd7 15.
Ne4 h6 16.Nxf6+ Nxf6 17.Bxf6 gxf6 18.a4 b6 19.Qc4 Bb7 20.Qg4+ Kh8 21.Rfd1 
f5 22.Qf4 Qf6 23.Qe5 Kg7 24.Bc4 Rd6 25.Kf1 Rad8 26.Qxf6+ Kxf6 27.Ke2 Rxd1 
28.Rxd1 Rxd1 29.Kxd1 f4 30.exf4 Bxf2 31.Ke2 Bc5 32.Ne5 Bxg2 33.Nd7+ Kf5 
34.Nxc5 bxc5 35.Ke3 Bd5 36.Bd3+ Kg4 37.Bc2 f5 38.Bd1+ Kh3 39.Kd3 Kxh2 40.
Kc3 Kg3 41.b4 cxb4+ 42.Kd4 b3 43.Kc5 b2 44.Bc2 Ba2 45.Kb5 b1=Q+ 46.Bxb1 
Bxb1 47.Kxa5 Kxf4 48.Kb5 h5 49.a5 h4 50.Kb6 h3 51.a6 h2 52.a7 h1=Q 53.Kc7 
Qa8 54.Kb6 e5 55.Kc5 Qxa7+ 56.Kd6 e4 57.Kd5 e3 58.Kc4 e2 59.Kb3 e1=Q 60.
Kb2 Qa2# 0-1

[Event "35th WCh U20 Girls"]
[Site "Tarvisio ITA"]
[Date "2017.11.17"]
[Round "5"]
[White "Cramling-Bellon, Anna"]
[Black "Lahav, Michal"]
[Result "1/2-1/2"]
[WhiteElo "1943"]
[BlackElo "2148"]
[EventDate "2017.11.13"]
[PlyCount "60"]

1.d4 Nf6 2.c4 e6 3.Nc3 c5 4.d5 exd5 5.cxd5 d6 6.e4 g6 7.f4 Bg7 8.Bb5+ Nfd7
9.Be2 O-O 10.Nf3 Re8 11.O-O Na6 12.a4 Nb4 13.Nb5 Nf6 14.e5 dxe5 15.fxe5 
Nfxd5 16.Nd6 Rf8 17.Ng5 Be6 18.Nxe6 fxe6 19.Rxf8+ Qxf8 20.Bg4 Bxe5 21.
Bxe6+ Kg7 22.Nf7 Qe7 23.Bh6+ Kg8 24.Ng5+ Kh8 25.Nf7+ Kg8 26.Ng5+ Kh8 27.
Nf7+ Kg8 28.Ng5+ Kh8 29.Nf7+ Kg8 30.Ng5+ Kh8 1/2-1/2

[Event "35th WCh U20 Girls"]
[Site "Tarvisio ITA"]
[Date "2017.11.17"]
[Round "5"]
[White "Koo Wei Xin, Rosamund"]
[Black "Ivanova, Simoneta"]
[Result "1-0"]
[WhiteElo "1900"]
[BlackElo "2137"]
[EventDate "2017.11.13"]
[PlyCount "113"]

1.c4 e5 2.Nc3 Nc6 3.g3 g6 4.Bg2 Bg7 5.e3 f5 6.Nge2 Nf6 7.d4 e4 8.Nf4 O-O 
9.h4 Qe8 10.Ncd5 Nxd5 11.Nxd5 Qd8 12.h5 Ne7 13.hxg6 hxg6 14.Nf4 c5 15.d5 
d6 16.Qc2 Qe8 17.Bd2 Qf7 18.O-O-O b5 19.Bc3 b4 20.Bxg7 Qxg7 21.g4 fxg4 22.
Bxe4 Rxf4 23.exf4 Qf6 24.Qd2 a5 25.Rh6 Nf5 26.Bxf5 Bxf5 27.Qe3 Bd7 28.Qe4 
Be8 29.Qe3 Bd7 30.f5 Re8 31.Rxg6+ Qxg6 32.fxg6 Rxe3 33.fxe3 Kg7 34.Kd2 Bf5
35.Ke2 Kxg6 36.Kf2 Kf6 37.b3 Ke5 38.Rh1 Bc2 39.Rh5+ Ke4 40.Kg3 Bb1 41.Rh2 
Kxe3 42.Kxg4 Kd4 43.Kg5 Kc3 44.Kf6 a4 45.bxa4 Kxc4 46.Ke6 Be4 47.Kxd6 Kd4 
48.Rd2+ Ke3 49.Kxc5 Kxd2 50.d6 Bf5 51.a5 Kc3 52.a6 Be6 53.a7 Bxa2 54.a8=Q 
b3 55.Qf3+ Kb2 56.d7 Ka1 57.Qd1+ 1-0

[Event "35th WCh U20 Girls"]
[Site "Tarvisio ITA"]
[Date "2017.11.17"]
[Round "5"]
[White "Parnali, S. Dharia"]
[Black "Altantuya, Boldbaatar"]
[Result "1/2-1/2"]
[WhiteElo "2136"]
[BlackElo "1948"]
[EventDate "2017.11.13"]
[PlyCount "69"]

1.e4 e6 2.d4 d5 3.Nc3 Nf6 4.e5 Nfd7 5.f4 c5 6.Nf3 Nc6 7.Be3 a6 8.Qd2 b5 9.
Ne2 Qb6 10.g4 Be7 11.Bg2 Bb7 12.O-O O-O-O 13.c3 f6 14.dxc5 Bxc5 15.Ned4 
fxe5 16.fxe5 Ndxe5 17.Nxe5 Nxe5 18.b4 Bxd4 19.Bxd4 Qd6 20.Qg5 Nc6 21.Rf7 
Rhg8 22.a4 bxa4 23.Rxa4 Nxd4 24.cxd4 Rdf8 25.Rxf8+ Rxf8 26.Qxg7 Qf4 27.Ra1
Rf7 28.Qg8+ Kc7 29.Kh1 Re7 30.Rd1 Bc6 31.h3 Ba4 32.Re1 Qd2 33.Rxe6 Qc1+ 
34.Kh2 Qf4+ 35.Kh1 1/2-1/2

[Event "35th WCh U20 Girls"]
[Site "Tarvisio ITA"]
[Date "2017.11.17"]
[Round "5"]
[White "Serikbay, Assel"]
[Black "Bidhar, Rutumbara"]
[Result "1-0"]
[WhiteElo "2135"]
[BlackElo "1904"]
[EventDate "2017.11.13"]
[PlyCount "61"]

1.d4 f5 2.c4 d6 3.d5 Nf6 4.Nc3 e5 5.dxe6 Bxe6 6.Nf3 c6 7.e3 g6 8.Bd3 Na6 
9.Nd4 Bf7 10.b3 Bg7 11.Bb2 O-O 12.O-O Nc5 13.Bc2 a5 14.Qe2 Re8 15.Rad1 Qe7
16.Rfe1 Nfe4 17.Nxe4 Nxe4 18.f3 Nc5 19.Ba3 f4 20.e4 Be5 21.Qf2 Nd7 22.g3 
g5 23.Nf5 Qf6 24.Nxd6 fxg3 25.hxg3 b6 26.Nxe8 Bxe8 27.Bc1 c5 28.f4 gxf4 
29.gxf4 Bc3 30.Re3 Kf8 31.e5 1-0

[Event "35th WCh U20 Girls"]
[Site "Tarvisio ITA"]
[Date "2017.11.17"]
[Round "5"]
[White "Kanakova, Natalie"]
[Black "Silva, Mariana Sofia"]
[Result "1-0"]
[WhiteElo "2134"]
[BlackElo "1883"]
[EventDate "2017.11.13"]
[PlyCount "101"]

1.e4 c6 2.d4 d5 3.e5 c5 4.Nf3 Nc6 5.c4 cxd4 6.Nxd4 e6 7.Nc3 Bb4 8.Nxc6 
bxc6 9.Qa4 Rb8 10.cxd5 Bxc3+ 11.bxc3 Qxd5 12.Qxa7 Qxe5+ 13.Qe3 Qd6 14.a4 
Nf6 15.Ba3 Qd5 16.Qd4 Qe4+ 17.Qxe4 Nxe4 18.c4 Ba6 19.Bd3 Nf6 20.Kd2 Kd7 
21.Kc3 Rhd8 22.f3 Ke8 23.Rab1 h6 24.Bc5 Nd7 25.Bd6 Rxb1 26.Rxb1 Rc8 27.a5 
Ra8 28.Be4 Rc8 29.Bc2 Kd8 30.Ba4 Ke8 31.Rd1 Nb8 32.Bxb8 Rxb8 33.Bxc6+ Ke7 
34.Rd7+ Kf6 35.Ra7 Bc8 36.Ra8 Rxa8 37.Bxa8 Ke7 38.Kb4 Kd6 39.Kb5 Kc7 40.
Be4 f5 41.Bc2 Kb7 42.f4 Bd7+ 43.Kb4 Bc6 44.g3 g5 45.Kc5 Bd7 46.Kd6 Bc8 47.
c5 Ka6 48.Kc7 Bb7 49.Bd3+ Ka7 50.c6 Ba8 51.Kd7 1-0

[Event "35th WCh U20 Girls"]
[Site "Tarvisio ITA"]
[Date "2017.11.17"]
[Round "5"]
[White "Vernet, Solene"]
[Black "Rozman, Monika"]
[Result "0-1"]
[WhiteElo "1862"]
[BlackElo "2049"]
[EventDate "2017.11.13"]
[PlyCount "48"]

1.d4 f5 2.e4 fxe4 3.Nc3 Nf6 4.Bg5 c6 5.f3 exf3 6.Nxf3 g6 7.Bd3 Bg7 8.Ne5 
Qb6 9.Rb1 d6 10.Bxg6+ hxg6 11.Nxg6 Bg4 12.Qd3 Rh5 13.Qe3 e5 14.O-O Nbd7 
15.h3 Bxh3 16.gxh3 Qxd4 17.Kg2 Qxe3 18.Bxe3 Kf7 19.Nxe5+ dxe5 20.Ne4 Rg8 
21.Rbd1 Ke6 22.Ng3 Bh6 23.Bxh6 Rxh6 24.Rh1 Rhg6 0-1

[Event "35th WCh U20 Girls"]
[Site "Tarvisio ITA"]
[Date "2017.11.17"]
[Round "5"]
[White "Kiolbasa, Oliwia"]
[Black "Barbosa, Larissa Ichimura"]
[Result "1/2-1/2"]
[WhiteElo "2206"]
[BlackElo "1913"]
[EventDate "2017.11.13"]
[PlyCount "95"]

1.e4 e6 2.d4 d5 3.Nc3 Nf6 4.Bg5 Be7 5.e5 Nfd7 6.h4 h6 7.Bxe7 Qxe7 8.f4 a6 
9.Nf3 c5 10.g4 Nc6 11.Qd2 cxd4 12.Nxd4 Nxd4 13.Qxd4 Qc5 14.O-O-O b5 15.Bg2
Bb7 16.Rhe1 Rc8 17.Rd2 Nb6 18.Qxc5 Rxc5 19.Ne2 Ke7 20.Nd4 g6 21.Bf3 Rg8 
22.Rh2 Rc4 23.Rd1 Nd7 24.b3 Rc3 25.Kb2 Rc5 26.Re1 a5 27.Be2 b4 28.Bd3 Nb6 
29.Rf2 a4 30.Ref1 a3+ 31.Kb1 Nd7 32.Re1 Nb8 33.Ref1 Nd7 34.Bb5 Bc8 35.Nc6+
Rxc6 36.Bxc6 Nc5 37.Bb5 Ne4 38.Bd3 Nxf2 39.Rxf2 Bd7 40.Kc1 h5 41.g5 Rb8 
42.Kd2 Bb5 43.Rf3 Kd7 44.c3 Bxd3 45.Rxd3 Kc6 46.Rd4 Kc5 47.Kd3 Rb7 48.Kd2 
1/2-1/2

[Event "35th WCh U20 Girls"]
[Site "Tarvisio ITA"]
[Date "2017.11.17"]
[Round "5"]
[White "Alijanzadeh, Mohadeseh"]
[Black "Mahalakshmi, Muganda Kumar"]
[Result "0-1"]
[WhiteElo "1930"]
[BlackElo "2191"]
[EventDate "2017.11.13"]
[PlyCount "102"]

1.e4 c6 2.d4 d5 3.Nc3 dxe4 4.Nxe4 Bf5 5.Ng3 Bg6 6.Nf3 Nd7 7.h4 h6 8.h5 Bh7
9.Bd3 Bxd3 10.Qxd3 e6 11.Bd2 Ngf6 12.O-O-O Be7 13.Kb1 O-O 14.Ne4 Nxe4 15.
Qxe4 Nf6 16.Qe2 Qd5 17.Ne5 Qe4 18.Qxe4 Nxe4 19.Be3 Rfd8 20.g4 Rd5 21.f3 
Ng5 22.f4 Ne4 23.c3 Rad8 24.Rdg1 f6 25.Ng6 Bf8 26.Re1 Kf7 27.Rhf1 c5 28.f5
exf5 29.c4 Rxd4 30.Rxf5 Rd1+ 31.Rxd1 Rxd1+ 32.Kc2 Re1 33.Kd3 Ng3 34.Rf3 
Bd6 35.Bxc5 Bxc5 36.Rxg3 Ra1 37.Kc3 Rxa2 38.Rd3 Ke8 39.Nf4 Ra6 40.Nd5 Bd6 
41.Re3+ Kf7 42.Kd3 Ra1 43.Re2 Rg1 44.Re4 a5 45.Nc3 Be5 46.Kc2 Rg2+ 47.Ne2 
g6 48.Kb3 gxh5 49.gxh5 Rh2 50.Ka4 Bc7 51.Rd4 Rxe2 0-1

[Event "35th WCh U20 Girls"]
[Site "Tarvisio ITA"]
[Date "2017.11.17"]
[Round "5"]
[White "Trippold, Denise"]
[Black "Koljevic, Nikolina"]
[Result "1-0"]
[WhiteElo "2104"]
[BlackElo "1837"]
[EventDate "2017.11.13"]
[PlyCount "89"]

1.d4 d5 2.c4 e6 3.Nf3 c5 4.cxd5 exd5 5.g3 Nf6 6.Bg2 Be7 7.O-O O-O 8.dxc5 
Bxc5 9.Qc2 Bb6 10.Nc3 Be6 11.Na4 Nbd7 12.Nxb6 Nxb6 13.b3 Rc8 14.Qd3 Nbd7 
15.Bb2 Nc5 16.Qd4 Re8 17.Rac1 b6 18.Qf4 Nh5 19.Qd4 Nf6 20.Rfd1 Bg4 21.h3 
Bd7 22.e3 Ne6 23.Rxc8 Qxc8 24.Qd2 Bc6 25.Bxf6 gxf6 26.Nd4 Nxd4 27.Qxd4 Qe6
28.h4 Rc8 29.Bxd5 Bxd5 30.Qxd5 Qxd5 31.Rxd5 Rc2 32.a4 Rb2 33.Rb5 Kg7 34.
Kg2 f5 35.a5 bxa5 36.Rxf5 Ra2 37.Rb5 a4 38.bxa4 Rxa4 39.Rb7 Ra2 40.Kf3 a5 
41.Ra7 a4 42.e4 Ra1 43.e5 Re1 44.Kf4 Re2 45.f3 1-0

[Event "35th WCh U20 Girls"]
[Site "Tarvisio ITA"]
[Date "2017.11.17"]
[Round "5"]
[White "Auvray, Honorine"]
[Black "Samudin, Elina"]
[Result "1-0"]
[WhiteElo "1987"]
[BlackElo "1806"]
[EventDate "2017.11.13"]
[PlyCount "65"]

1.e4 c5 2.Nf3 d6 3.d4 cxd4 4.Nxd4 Nf6 5.Nc3 a6 6.f3 e5 7.Nb3 Be6 8.Be3 
Nbd7 9.Qd2 b5 10.O-O-O Nb6 11.Qf2 Nc4 12.Bxc4 bxc4 13.Na5 Be7 14.Nc6 Qc7 
15.Nxe7 Qxe7 16.g4 O-O 17.g5 Nh5 18.Nd5 Bxd5 19.Rxd5 f5 20.Qh4 g6 21.exf5 
Rxf5 22.Qxc4 Qf7 23.Qc6 Rf8 24.Kb1 Rxf3 25.Bc1 Qf5 26.Rxd6 Rc8 27.Qd5+ Kh8
28.Rd8+ Rxd8 29.Qxd8+ Kg7 30.Qe7+ Kg8 31.Rd1 Qf7 32.Rd8+ Kg7 33.Qxe5+ 1-0

[Event "35th WCh U20 Girls"]
[Site "Tarvisio ITA"]
[Date "2017.11.17"]
[Round "5"]
[White "Figueroa Bernal, Julia Dennis"]
[Black "Fernandez Rivero, Karla July"]
[Result "0-1"]
[WhiteElo "1690"]
[BlackElo "1986"]
[EventDate "2017.11.13"]
[PlyCount "86"]

1.e4 e5 2.Nf3 Nc6 3.Bc4 Nf6 4.d3 Be7 5.O-O O-O 6.c3 d6 7.Nbd2 Na5 8.Bb5 a6
9.Ba4 b5 10.Bc2 c5 11.Re1 Qc7 12.Nf1 Nc6 13.Ng3 h6 14.h3 Re8 15.a4 Be6 16.
Bb3 d5 17.exd5 Nxd5 18.axb5 axb5 19.Rxa8 Rxa8 20.Bc2 Nf6 21.Qe2 Bd6 22.Ne4
Nxe4 23.Qxe4 f5 24.Qe2 Bd5 25.c4 bxc4 26.dxc4 Be6 27.Be3 Qf7 28.Nd2 Ra2 
29.Rb1 Nb4 30.Nb3 Ra8 31.f3 Qg6 32.Kh1 Qh5 33.Bxc5 Bxc5 34.Qxe5 Nd3 35.
Qxe6+ Kh8 36.Qd5 Nf2+ 37.Kh2 Rc8 38.Be4 Nxe4 39.fxe4 Qg5 40.Rf1 Qe3 41.Rf3
Qg1+ 42.Kg3 Qe1+ 43.Kh2 Bg1+ 0-1

[Event "35th WCh U20 Girls"]
[Site "Tarvisio ITA"]
[Date "2017.11.17"]
[Round "5"]
[White "Petraki, Evaggelia"]
[Black "Andolfatto, Maria"]
[Result "1-0"]
[WhiteElo "1854"]
[BlackElo "1970"]
[EventDate "2017.11.13"]
[PlyCount "117"]

1.e4 c6 2.c4 d5 3.cxd5 cxd5 4.exd5 Nf6 5.Nc3 Nxd5 6.Nf3 e6 7.Bc4 Be7 8.O-O
O-O 9.d4 Nc6 10.Nxd5 exd5 11.Bb3 Bf6 12.Be3 Be6 13.Qd3 g6 14.Qb5 Qb6 15.
Qxb6 axb6 16.a3 b5 17.Bd1 Na5 18.b3 Rfc8 19.Rc1 Rxc1 20.Bxc1 b4 21.a4 b5 
22.axb5 Rb8 23.Be2 Bd7 24.Bf4 Rb7 25.b6 Nxb3 26.Bc7 Bc8 27.Rb1 Bxd4 28.
Nxd4 Nxd4 29.Ba6 Rxc7 30.bxc7 Bxa6 31.Rxb4 Ne6 32.Rb8+ Kg7 33.c8=Q Bxc8 
34.Rxc8 d4 35.Kf1 h5 36.Ke2 Kf6 37.g3 Kf5 38.Ra8 Ke5 39.Ra7 Kf6 40.Kd3 Ng5
41.h4 Ne6 42.Ra6 Kf5 43.Ra5+ Kf6 44.Ke4 Kg7 45.Ke5 Nd8 46.Rd5 Ne6 47.Rd7 
Nf8 48.Rxd4 Ne6 49.Rd6 Nf8 50.f4 Nh7 51.Ra6 Nf8 52.f5 Nd7+ 53.Kf4 Nf6 54.
Rc6 Ng4 55.fxg6 f6 56.Rc8 Kh6 57.Kf5 Kg7 58.Rc7+ Kg8 59.Rh7 1-0

[Event "35th WCh U20 Girls"]
[Site "Tarvisio ITA"]
[Date "2017.11.17"]
[Round "5"]
[White "Jayaweera, Sayuni Gihansa"]
[Black "San Diego, Marie Antoinette"]
[Result "0-1"]
[WhiteElo "1745"]
[BlackElo "2116"]
[EventDate "2017.11.13"]
[PlyCount "114"]

1.d4 g6 2.Nf3 Bg7 3.g3 Nf6 4.Bg2 d5 5.O-O O-O 6.Bf4 c6 7.c3 Nbd7 8.a4 a5 
9.Na3 Ne4 10.Nd2 f5 11.f3 Nxd2 12.Qxd2 e5 13.dxe5 Nxe5 14.Kh1 Re8 15.Rad1 
Be6 16.Bh6 Bh8 17.Qc1 Qb6 18.h4 Nf7 19.Be3 Qb3 20.Qc2 Qxc2 21.Nxc2 Nd6 22.
Bd4 Bf7 23.Bxh8 Kxh8 24.e4 Rad8 25.exd5 Bxd5 26.Rfe1 Nc4 27.b3 Rxe1+ 28.
Rxe1 Nd2 29.c4 Bxf3 30.Bxf3 Nxf3 31.Re3 Rd2 32.Rxf3 Rxc2 33.Kg1 Kg7 34.Rd3
b6 35.Rd7+ Kh6 36.Rb7 Rc3 37.Rxb6 Rxg3+ 38.Kf2 Rc3 39.Rxc6 Rxb3 40.Rc5 Rb4
41.Rxa5 Rxc4 42.Kg3 Kh5 43.Ra7 h6 44.Ra6 Rg4+ 45.Kf3 Rxh4 46.a5 Ra4 47.Ra8
g5 48.a6 Ra3+ 49.Ke2 Kg4 50.a7 f4 51.Rh8 Rxa7 52.Rxh6 Ra2+ 53.Kd3 Kg3 54.
Rg6 g4 55.Ke4 f3 56.Ke3 Re2+ 57.Kd3 Re8 0-1

[Event "35th WCh U20 Girls"]
[Site "Tarvisio ITA"]
[Date "2017.11.17"]
[Round "5"]
[White "Stashis, Anna"]
[Black "Vangsgard, Freja"]
[Result "1-0"]
[WhiteElo "1907"]
[BlackElo "2035"]
[EventDate "2017.11.13"]
[PlyCount "39"]

1.e4 c6 2.d4 d5 3.exd5 cxd5 4.c4 Nf6 5.Nc3 Nc6 6.Bg5 dxc4 7.Bxc4 Qxd4 8.
Qxd4 Nxd4 9.O-O-O e5 10.Nf3 Be6 11.Nxe5 Bxc4 12.Nxc4 Ne6 13.Bxf6 gxf6 14.
Kb1 Rc8 15.Ne3 Rg8 16.Ncd5 Rg6 17.f4 f5 18.Nxf5 Ng7 19.Rhe1+ Re6 20.Nf6# 
1-0